[Event "Xmas Glyfada Open"]
[Site "?"]
[Date "2009.12.28"]
[Round "5"]
[White "Psaras, Stilianos"]
[Black "Geroukalis, Athanasios"]
[Result "1-0"]
[WhiteElo "2137"]
[BlackElo "1958"]
[PlyCount "59"]
[EventDate "2009.??.??"]

1. d4 d5 2. c4 e6 3. Nc3 f5 4. Nf3 c6 5. Bg5 Nf6 6. e3 Bd6 7. Bd3 O-O 8. Qb3
Kh8 9. Ne5 Qe8 10. Bxf6 Rxf6 11. f4 Nd7 12. O-O-O dxc4 13. Bxc4 Nb6 14. h3 Nd5
15. Bxd5 cxd5 16. g4 Bxe5 17. dxe5 Rf7 18. Nb5 b6 19. Nd6 Rc7+ 20. Kb1 Qg6 21.
gxf5 Qh5 22. Rc1 Qf3 23. Rxc7 Qxh1+ 24. Rc1 Qxh3 25. Nxc8 Qxf5+ 26. Ka1 h5 27.
Nd6 Qg4 28. Nf7+ Kg8 29. Ng5 h4 30. Qc2 1-0

[Event "Xmas Glyfada Open"]
[Site "?"]
[Date "2009.12.28"]
[Round "5"]
[White "Hondrovasilopoulos, Ioannis"]
[Black "Savoglou, Nikolaos"]
[Result "0-1"]
[WhiteElo "1590"]
[BlackElo "1962"]
[PlyCount "60"]
[EventDate "2009.??.??"]

1. d4 Nf6 2. c4 e6 3. Nc3 Bb4 4. Bg5 h6 5. Bxf6 Qxf6 6. Nf3 c5 7. e3 Nc6 8. a3
cxd4 9. exd4 Bxc3+ 10. bxc3 b6 11. Qc2 Ba6 12. O-O-O Rc8 13. Qa4 Na5 14. Ne5
Rc7 15. c5 Bxf1 16. Rhxf1 Qe7 17. Kb2 O-O 18. Rfe1 Rb8 19. Kc2 d6 20. cxd6 Qxd6
21. Rb1 Rbc8 22. Re3 f6 23. Nf3 Rc4 24. Qb5 Qxa3 25. Qb2 Qa4+ 26. Kd2 Rxd4+ 27.
Nxd4 Nc4+ 28. Kd3 Nxb2+ 29. Rxb2 e5 30. Ne2 Rd8+ 0-1

[Event "Xmas Glyfada Open"]
[Site "?"]
[Date "2009.12.28"]
[Round "5"]
[White "Mouratidis, Haralambos"]
[Black "Kampitsis, Vasilios"]
[Result "1-0"]
[WhiteElo "1857"]
[BlackElo "1887"]
[PlyCount "61"]
[EventDate "2009.??.??"]

1. e4 d6 2. d4 Nf6 3. Nc3 g6 4. Be3 Bg7 5. f3 Nc6 6. Qd2 h5 7. O-O-O e5 8. d5
Ne7 9. Be2 h4 10. Kb1 Nh5 11. Bg5 Nf4 12. Bxf4 exf4 13. Qxf4 Ng8 14. Qe3 Qe7
15. Bb5+ Kf8 16. Nge2 a6 17. Bd3 Nf6 18. g4 b5 19. a3 Bb7 20. Qf2 Nd7 21. f4
Kg8 22. g5 Rh5 23. Nd4 Nc5 24. Be2 b4 25. axb4 Nxe4 26. Nxe4 Qxe4 27. Bxh5 Bxd5
28. Bf3 Qxf4 29. Rhf1 Qxg5 30. Bxd5 Qxd5 31. Qf3 1-0

[Event "Xmas Glyfada Open"]
[Site "?"]
[Date "2009.12.28"]
[Round "5"]
[White "Lagousis, Andreas"]
[Black "Matsakis, Michail"]
[Result "1-0"]
[WhiteElo "2010"]
[BlackElo "1000"]
[PlyCount "68"]
[EventDate "2009.??.??"]

1. e4 c5 2. Nc3 Nc6 3. f4 g6 4. Nf3 Bg7 5. Bc4 e6 6. O-O Nge7 7. a4 d5 8. Bb5
d4 9. Ne2 a6 10. Bxc6+ bxc6 11. d3 Qc7 12. b3 O-O 13. Qe1 f5 14. Ng3 h6 15. Bd2
a5 16. Qe2 fxe4 17. Nxe4 Qa7 18. Ne5 Bxe5 19. fxe5 Nf5 20. g4 Qg7 21. Nf6+ Kh8
22. gxf5 exf5 23. Qf3 Ra6 24. h4 Be6 25. Kf2 Rd8 26. Rg1 Rb6 27. Qf4 Bd5 28.
Rxg6 Qxg6 29. Rg1 Qxg1+ 30. Kxg1 Kg7 31. Qxh6+ Kf7 32. Nxd5 Rxd5 33. Qf6+ Ke8
34. Qe6+ Kf8 1-0

[Event "Xmas Glyfada Open"]
[Site "?"]
[Date "2009.12.28"]
[Round "5"]
[White "Diatsintos, Ilias"]
[Black "Sideris, Theodoros"]
[Result "0-1"]
[WhiteElo "1646"]
[BlackElo "2026"]
[PlyCount "70"]
[EventDate "2009.??.??"]

1. d4 Nf6 2. Nf3 e6 3. Bf4 Bd6 4. Bxd6 cxd6 5. g3 O-O 6. Bg2 Nc6 7. O-O d5 8.
Nbd2 Qb6 9. Nb3 d6 10. c3 e5 11. dxe5 dxe5 12. Qc2 h6 13. Rad1 Be6 14. Nh4 a5
15. Nd2 Rac8 16. Qb3 Qc7 17. Qa4 Rb8 18. Rc1 b5 19. Qd1 e4 20. Bh1 g5 21. Ng2
Bh3 22. Nb3 Qb6 23. Qd2 Ne5 24. Qd4 Nc4 25. Qxb6 Rxb6 26. Rc2 Ng4 27. Rfc1 f5
28. e3 Nge5 29. Nd2 Nxd2 30. Rxd2 Nf3+ 31. Kf1 Nxd2+ 32. Ke2 Nc4 33. b3 Bg4+
34. Ke1 Ne5 35. h4 Nd3+ 0-1

[Event "Xmas Glyfada Open"]
[Site "?"]
[Date "2009.12.28"]
[Round "5"]
[White "Skalkotas, Nikolaos"]
[Black "Xaxiris, Vaggelis"]
[Result "1-0"]
[WhiteElo "2189"]
[BlackElo "2052"]
[PlyCount "77"]
[EventDate "2009.??.??"]

1. Nf3 g6 2. c4 Bg7 3. d4 f5 4. Nc3 Nf6 5. g3 O-O 6. Bg2 d6 7. O-O Qe8 8. d5
Na6 9. Rb1 c6 10. b3 Nc7 11. Nd4 Bd7 12. e4 c5 13. Nde2 fxe4 14. Nxe4 Nxe4 15.
Bxe4 Bf5 16. Bxf5 Rxf5 17. Be3 b5 18. Nf4 b4 19. Qg4 a5 20. Rfe1 Bc3 21. Re2
Qf7 22. h4 a4 23. h5 Kg7 24. Kg2 axb3 25. axb3 Ra3 26. hxg6 hxg6 27. Bc1 Be5
28. Bxa3 bxa3 29. Nd3 Bd4 30. Rbe1 Nxd5 31. cxd5 Qxd5+ 32. Qe4 Qxb3 33. Nc1 Qb6
34. Qxe7+ Rf7 35. Qg5 Qc6+ 36. Kh2 Bxf2 37. Re6 Kf8 38. Qh6+ Rg7 39. Qh8+ 1-0

[Event "Xmas Glyfada Open"]
[Site "?"]
[Date "2009.12.28"]
[Round "5"]
[White "Dorfanis, Ilarion"]
[Black "Delithanasis, Dimitrios"]
[Result "1-0"]
[WhiteElo "2200"]
[BlackElo "2252"]
[PlyCount "61"]
[EventDate "2009.??.??"]

1. d4 f5 2. g3 Nf6 3. Bg2 e6 4. c4 c6 5. Nf3 d5 6. O-O Bd6 7. b3 Qe7 8. Bb2 O-O
9. Qc1 b5 10. Ne5 a5 11. Nc3 b4 12. Na4 Nfd7 13. Nxc6 Nxc6 14. cxd5 Nxd4 15.
Bxd4 e5 16. Bb2 Ba6 17. Qe3 Bb5 18. Rac1 g5 19. f4 Bxa4 20. bxa4 e4 21. Kh1 g4
22. Rc6 Kf7 23. Rfc1 Rg8 24. Qd4 h5 25. e3 Rg6 26. Rc8 Rxc8 27. Rxc8 Nf8 28.
Bf1 h4 29. Bb5 Nd7 30. Bxd7 Qxd7 31. Qh8 1-0

[Event "Xmas Glyfada Open"]
[Site "?"]
[Date "2009.12.28"]
[Round "5"]
[White "Dimopoulos, Dimitrios"]
[Black "Tzamouranis, Dimitrios"]
[Result "1-0"]
[WhiteElo "1889"]
[BlackElo "2133"]
[PlyCount "131"]
[EventDate "2009.??.??"]

1. Nf3 Nf6 2. g3 d5 3. Bg2 Bf5 4. O-O h6 5. b3 e6 6. Bb2 Be7 7. c4 O-O 8. d4 c6
9. Nc3 Nbd7 10. Nd2 Qb6 11. e4 dxe4 12. Ncxe4 Nxe4 13. Nxe4 Rfd8 14. Qe2 Nf6
15. Nd2 Qa5 16. Rfd1 Bg4 17. Bf3 Bxf3 18. Nxf3 Qh5 19. Kg2 b5 20. h3 bxc4 21.
bxc4 Rab8 22. Bc3 c5 23. d5 Qf5 24. dxe6 Qxe6 25. Qxe6 fxe6 26. Be5 Rxd1 27.
Rxd1 Rb4 28. Nd2 Ra4 29. Nb3 Rxc4 30. Bd6 Kf7 31. Bxe7 Kxe7 32. Na5 Rc2 33.
Nc6+ Kf7 34. Nd8+ Ke7 35. Nc6+ Kf7 36. Nd8+ Kg6 37. Nxe6 Ne4 38. Kf3 Ng5+ 39.
Nxg5 Kxg5 40. Rd7 Rxa2 41. Rxg7+ Kf6 42. Rc7 Ra5 43. Kg4 Ke5 44. f4+ Kd6 45.
Rc8 Kd7 46. Rb8 c4 47. Rb1 Rc5 48. Kf3 Kc6 49. Ke4 Rd5 50. Ra1 a5 51. Ra4 Rc5
52. f5 Kb5 53. Ra1 c3 54. f6 Kc4 55. g4 Kb3 56. h4 Kb2 57. Rf1 c2 58. f7 Rc8
59. g5 hxg5 60. hxg5 a4 61. g6 c1=Q 62. Rxc1 Kxc1 63. g7 a3 64. g8=Q Rxg8 65.
fxg8=Q Kb2 66. Qg2+ 1-0

[Event "Xmas Glyfada Open"]
[Site "Glyfada, Athens"]
[Date "2009.12.29"]
[Round "6"]
[White "Psaras, Stilianos"]
[Black "Sklalkotas, Nikolaos"]
[Result "0-1"]
[WhiteElo "2137"]
[BlackElo "2189"]
[PlyCount "84"]
[EventDate "2009.??.??"]

1. d4 e6 2. c4 Bb4+ 3. Nc3 f5 4. Nf3 Nf6 5. Bg5 O-O 6. Qb3 Bxc3+ 7. bxc3 b6 8.
g3 Bb7 9. Bg2 Qc8 10. O-O Nc6 11. a4 Ne4 12. Bc1 Na5 13. Qa2 Ba6 14. Ne5 d6 15.
Bxe4 fxe4 16. Ng4 Bxc4 17. Qc2 Bd5 18. Ne3 Qa6 19. Rb1 Nc4 20. Ng2 Qc8 21. Rb4
a5 22. Rb5 Qe8 23. Rb1 Rf5 24. Ra1 Qc6 25. g4 Rf7 26. Bf4 e3 27. f3 Nd2 28.
Bxe3 Nxf1 29. Rxf1 Raf8 30. Ne1 Qe8 31. Nd3 Bc6 32. Ra1 Rd7 33. Nf2 e5 34. Nh1
exd4 35. Bxd4 Re7 36. Ng3 Bd7 37. c4 Be6 38. Ra3 Qc6 39. Re3 Rfe8 40. Rc3 Bd7
41. Qd2 Qxa4 42. Rc1 Be6 0-1

[Event "Xmas Glyfada Open"]
[Site "Glyfada, Athens"]
[Date "2009.12.29"]
[Round "6"]
[White "Sienczewski, Zbigniew"]
[Black "Dimopoulos, Dimitrios"]
[Result "0-1"]
[WhiteElo "2166"]
[BlackElo "1889"]
[PlyCount "86"]
[EventDate "2009.??.??"]

1. c4 e5 2. g3 Nc6 3. Bg2 g6 4. Nc3 Bg7 5. Nf3 f5 6. d3 d6 7. O-O Nf6 8. Rb1 a5
9. a3 O-O 10. b4 axb4 11. axb4 h6 12. b5 Ne7 13. Bb2 g5 14. Ra1 Rxa1 15. Qxa1
Be6 16. c5 Ng6 17. cxd6 cxd6 18. Qa7 Qb8 19. b6 Rd8 20. Nb5 Bf8 21. Rc1 Bd7 22.
Nc7 Ne7 23. Qa2+ Kg7 24. Ne6+ Bxe6 25. Qxe6 Nc6 26. Rxc6 bxc6 27. Nxe5 dxe5 28.
Bxe5 Rd6 29. Bxf6+ Kg6 30. Qe5 Qxb6 31. Bh8 Qb1+ 32. Bf1 Qb8 33. e4 Qc8 34. Bh3
g4 35. Bg2 Rxd3 36. exf5+ Kh7 37. Be4 Rd1+ 38. Kg2 Re1 39. f3 gxf3+ 40. Kxf3
Qd8 41. Bf6 Qd1+ 42. Kg2 Qe2+ 43. Kh3 Qxe4 0-1

[Event "Xmas Glyfada Open"]
[Site "Glyfada, Athens"]
[Date "2009.12.29"]
[Round "6"]
[White "Delithanasis, Dimitrios"]
[Black "Kivelos, Sotirios"]
[Result "1-0"]
[WhiteElo "2252"]
[BlackElo "1964"]
[PlyCount "61"]
[EventDate "2009.??.??"]

1. e4 g6 2. d4 Bg7 3. Nf3 c6 4. c4 d6 5. Nc3 Bg4 6. Be2 Nd7 7. Be3 Ngf6 8. e5
dxe5 9. Nxe5 Bxe2 10. Qxe2 O-O 11. f4 Ne8 12. O-O-O f6 13. Qg4 Nxe5 14. dxe5
Qc8 15. Rd7 f5 16. Qd1 e6 17. Qd3 Nc7 18. Qd6 Rf7 19. Rxf7 Kxf7 20. Rd1 Bf8 21.
Qd7+ Be7 22. Bc5 Nd5 23. Rxd5 cxd5 24. Qxe7+ Kg8 25. Nxd5 exd5 26. e6 Qe8 27.
cxd5 b6 28. Bb4 Rc8+ 29. Kd2 Qb5 30. Qf7+ Kh8 31. Bc3+ 1-0

[Event "Xmas Glyfada Open"]
[Site "Glyfada, Athens"]
[Date "2009.12.29"]
[Round "6"]
[White "Sideris, Theodoros"]
[Black "Harokopakis, Georgios"]
[Result "0-1"]
[WhiteElo "2026"]
[BlackElo "1905"]
[PlyCount "78"]
[EventDate "2009.??.??"]

1. e4 e6 2. d4 d5 3. Nc3 Nf6 4. Bg5 Be7 5. e5 Nfd7 6. h4 c5 7. Bxe7 Kxe7 8. Qh5
Nc6 9. Qg5+ Kf8 10. Qxd8+ Nxd8 11. f4 cxd4 12. Nb5 f6 13. Nf3 fxe5 14. fxe5 Ke7
15. Nbxd4 Nc6 16. Nxc6+ bxc6 17. Bd3 Rb8 18. b3 c5 19. O-O Bb7 20. Rae1 Rbf8
21. Bb5 d4 22. Bxd7 Bxf3 23. gxf3 Kxd7 24. Re4 Rf5 25. Kg2 Rhf8 26. f4 Kc6 27.
Kf3 h6 28. Rg1 g5 29. hxg5 hxg5 30. Rg4 Rxf4+ 31. Rexf4 Rxf4+ 32. Rxf4 gxf4 33.
Kxf4 Kd5 34. a3 a6 35. a4 a5 36. c4+ dxc3 37. Ke3 c4 38. bxc4+ Kxc4 39. Ke2 Kb3
0-1

[Event "Xmas Glyfada Open"]
[Site "Glyfada, Athens"]
[Date "2009.12.29"]
[Round "6"]
[White "Lagousis, A."]
[Black "Dorfanis, Ilarion"]
[Result "1-0"]
[WhiteElo "2010"]
[BlackElo "2200"]
[PlyCount "59"]
[EventDate "2009.??.??"]

1. e4 e5 2. Nf3 Nf6 3. Nxe5 d6 4. Nf3 Nxe4 5. Nc3 Nxc3 6. dxc3 Be7 7. Bd3 Nc6
8. Bf4 Bg4 9. h3 Bh5 10. g4 Bg6 11. Qd2 Qd7 12. O-O-O Bxd3 13. Qxd3 O-O-O 14.
Qd5 h6 15. Nd4 Rhf8 16. Rhg1 Kb8 17. Nf5 Bf6 18. h4 Ne7 19. Nxe7 Bxe7 20. Be3
Qe6 21. Qd4 c5 22. Qa4 Bxh4 23. Rge1 Qf6 24. Kb1 Rfe8 25. Bxc5 Qf3 26. Bxa7+
Kc7 27. Qc4+ Kd7 28. Qd4 Rxe1 29. Qxd6+ Kc8 30. Qb8# 1-0

[Event "Xmas Glyfada Open"]
[Site "Glyfada, Athens"]
[Date "2009.12.29"]
[Round "6"]
[White "Geroukalis, Athanasios"]
[Black "Sorolis, N."]
[Result "1-0"]
[WhiteElo "1958"]
[BlackElo "1500"]
[PlyCount "65"]
[EventDate "2009.??.??"]

1. e4 c5 2. Nf3 d6 3. d4 cxd4 4. Nxd4 Nc6 5. Nc3 a6 6. Be3 Nf6 7. Bc4 e6 8. O-O
Be7 9. f4 g6 10. Qf3 e5 11. Nxc6 bxc6 12. fxe5 dxe5 13. Rad1 Qc7 14. Rd2 Bg4
15. Bxf7+ Kxf7 16. Qxg4 Kg7 17. Rxf6 Kxf6 18. Rd7 Qxd7 19. Qxd7 h6 20. Qxc6+
Kg7 21. Qe6 Rhe8 22. Nd5 Bg5 23. Qd7+ Kf8 24. Bxg5 hxg5 25. Nf6 Rad8 26. Qxe8+
Rxe8 27. Nxe8 Kxe8 28. Kf2 Kd7 29. c4 Kc6 30. b4 Kb6 31. Kg3 a5 32. a3 axb4 33.
axb4 1-0

[Event "Xmas Glyfada Open"]
[Site "Glyfada, Athens"]
[Date "2009.12.29"]
[Round "6"]
[White "Gkougkousis, Nikolaos"]
[Black "Mouratidis, Haralambos"]
[Result "1/2-1/2"]
[WhiteElo "1650"]
[BlackElo "1857"]
[PlyCount "69"]
[EventDate "2009.??.??"]

1. e4 d5 2. exd5 Nf6 3. c4 c6 4. dxc6 Nxc6 5. Nf3 e5 6. d3 e4 7. dxe4 Qxd1+ 8.
Kxd1 Nxe4 9. Be3 Bg4 10. a3 Bc5 11. Ke1 Bxe3 12. fxe3 a5 13. Nbd2 Nxd2 14. Nxd2
O-O 15. Be2 Bxe2 16. Kxe2 Rfe8 17. Nf3 Re4 18. Nd2 Re6 19. Kf2 Ne5 20. h3 Rd8
21. Ke2 Nc6 22. Nf3 Rde8 23. Kf2 Rxe3 24. Rae1 Rxe1 25. Rxe1 Kf8 26. Rxe8+ Kxe8
27. Ke3 Kd7 28. Ng5 f6 29. Ne4 b6 30. b3 h5 31. Nc3 Ne7 32. Ke4 Kd6 33. Nb5+
Kc5 34. Nd4 h4 35. Kd3 1/2-1/2

[Event "Xmas Glyfada Open"]
[Site "Glyfada, Athens"]
[Date "2009.12.30"]
[Round "7"]
[White "Harokopakis, Georgios"]
[Black "Skalkotas, Nikolaos"]
[Result "0-1"]
[WhiteElo "1905"]
[BlackElo "2189"]
[PlyCount "70"]
[EventDate "2009.??.??"]

1. e4 c5 2. Nf3 Nc6 3. d4 cxd4 4. Nxd4 Qc7 5. Nc3 e6 6. Be3 a6 7. Bd3 Nf6 8.
O-O h5 9. h3 Bd6 10. f4 Nxd4 11. e5 Bc5 12. exf6 Nf5 13. Bxf5 Bxe3+ 14. Kh1
gxf6 15. Qe1 Bd4 16. Na4 d5 17. Rd1 Ba7 18. Nc3 Kf8 19. Qh4 Rh6 20. Bg4 f5 21.
Bxh5 f6 22. g4 Qh7 23. Rd2 Bd7 24. Re1 Re8 25. Ne2 Re7 26. Ng3 Re8 27. Ne2 Re7
28. Ng3 Re8 29. Rde2 Re7 30. c3 Bc5 31. Rd2 Bd6 32. Rd4 fxg4 33. hxg4 f5 34. c4
fxg4 35. cxd5 Be8 0-1

[Event "Xmas Glyfada Open"]
[Site "Glyfada, Athens"]
[Date "2009.12.30"]
[Round "7"]
[White "Xaxiris, Evangelos"]
[Black "Delithanasis, Dimitrios"]
[Result "1/2-1/2"]
[WhiteElo "2052"]
[BlackElo "2252"]
[PlyCount "118"]
[EventDate "2009.??.??"]

1. Nf3 d5 2. d4 c6 3. c4 e6 4. g3 Bd6 5. Bg2 Nd7 6. Nbd2 f5 7. b3 Qf6 8. Bb2
Ne7 9. Qc2 g5 10. O-O-O b6 11. e3 Bb7 12. Kb1 Bc7 13. Ne1 Qf7 14. Nd3 a5 15. a3
Rg8 16. h4 g4 17. Rhe1 Nf6 18. Nf4 Ne4 19. Nxe4 fxe4 20. Bf1 Bd6 21. Rc1 Kf8
22. Qd1 Qf5 23. Re2 Kg7 24. Ka2 h5 25. Rec2 Kh6 26. Be2 Qf7 27. Qd2 Nf5 28. c5
Bxf4 29. exf4 b5 30. Rg1 Qg7 31. Rcc1 Bc8 32. Kb1 Bd7 33. Ka2 Be8 34. Rg2 Bg6
35. Rgg1 Rgb8 36. Rg2 Qa7 37. Rgg1 Bh7 38. Rg2 Rg8 39. Rgg1 Rg7 40. Rg2 Bg8 41.
Rgg1 Bf7 42. Rg2 Be8 43. Rgg1 Qc7 44. Rg2 Bd7 45. Rgg1 Bc8 46. Rcd1 Qd8 47. Rg2
Rga7 48. Rgg1 Ba6 49. Ka1 b4 50. a4 Rf7 51. Bxa6 Rxa6 52. Qe2 Raa7 53. Bc1 Kg6
54. Be3 Rfd7 55. Ka2 Qc8 56. Rge1 Rd8 57. Bc1 Rf8 58. Rg1 Raf7 59. Rge1 Qb7
1/2-1/2

[Event "Xmas Glyfada Open"]
[Site "Glyfada, Athens"]
[Date "2009.12.30"]
[Round "7"]
[White "Dimopoulos, Dimitrios"]
[Black "Lagousis, A."]
[Result "1/2-1/2"]
[WhiteElo "1889"]
[BlackElo "2010"]
[PlyCount "67"]
[EventDate "2009.??.??"]

1. e4 c6 2. d4 d5 3. Nd2 dxe4 4. Nxe4 Nf6 5. Nxf6+ exf6 6. Nf3 Bd6 7. Be2 O-O
8. O-O Bg4 9. Be3 Nd7 10. c4 f5 11. h3 Bh5 12. Ne1 Bxe2 13. Qxe2 Nf6 14. Qf3
Qd7 15. Bf4 Rfe8 16. Bxd6 Qxd6 17. Rd1 Re4 18. Nc2 g6 19. Rfe1 Rae8 20. Qd3
R8e6 21. b3 g5 22. Re3 Nh5 23. Rde1 Nf4 24. Qd2 Re8 25. f3 R4e6 26. Qf2 Ng6 27.
Rxe6 fxe6 28. Qe3 Qg3 29. Qf2 Qxf2+ 30. Kxf2 Nf4 31. Re3 Kf7 32. Kg3 Ng6 33.
Kf2 Nf4 34. Kg3 1/2-1/2

[Event "Xmas Glyfada Open"]
[Site "Glyfada, Athens"]
[Date "2009.12.30"]
[Round "7"]
[White "Dorfanis, Ilarion"]
[Black "Psaras, Stilianos"]
[Result "1-0"]
[WhiteElo "2200"]
[BlackElo "2137"]
[PlyCount "65"]
[EventDate "2009.??.??"]

1. e4 e6 2. d3 d5 3. Nd2 Nf6 4. g3 c5 5. Bg2 Nc6 6. Ngf3 Be7 7. O-O O-O 8. Re1
Qc7 9. c3 h6 10. Nf1 dxe4 11. dxe4 b6 12. e5 Rd8 13. Qe2 Nd7 14. h4 Bb7 15.
N1h2 Bf8 16. h5 Ne7 17. g4 c4 18. g5 Nc5 19. gxh6 gxh6 20. Ng4 Nf5 21. Kh1 Nd3
22. Rg1 Kh8 23. Be3 Bc5 24. Bxc5 Qxc5 25. Nd4 Bxg2+ 26. Rxg2 Rxd4 27. cxd4 Qxd4
28. Nf6 Nf4 29. Qf3 Rf8 30. Rg4 Qxe5 31. Nd7 Qxb2 32. Rag1 Rd8 33. Qxf4 1-0

[Event "Xmas Glyfada Open"]
[Site "Glyfada, Athens"]
[Date "2009.12.30"]
[Round "7"]
[White "Diatsintos, Ilias"]
[Black "Gkousgounis, Nikolaos"]
[Result "1-0"]
[WhiteElo "1646"]
[BlackElo "1135"]
[PlyCount "57"]
[EventDate "2009.??.??"]

1. d4 Nf6 2. Nf3 e6 3. Bg5 d5 4. e3 Be7 5. Nbd2 Nbd7 6. Bd3 h6 7. Bf4 O-O 8.
Ne5 c5 9. c3 cxd4 10. exd4 Nxe5 11. dxe5 Ne8 12. Nb3 Bd7 13. Qg4 Bg5 14. h4
Bxf4 15. Qxf4 Rc8 16. g4 f6 17. O-O-O Qe7 18. Rd2 fxe5 19. Qxe5 Qf6 20. Qe3 Qf3
21. Qxf3 Rxf3 22. g5 hxg5 23. hxg5 Ba4 24. Nd4 Rf4 25. Nxe6 Rg4 26. Bh7+ Kf7
27. Bf5 Rg2 28. Nf4 Rxg5 29. Bxc8 1-0

[Event "Xmas Glyfada Open"]
[Site "Glyfada, Athens"]
[Date "2009.12.30"]
[Round "7"]
[White "Papadopoulos, Georgios"]
[Black "Sideris, Nikolaos"]
[Result "1-0"]
[WhiteElo "1005"]
[BlackElo "1290"]
[PlyCount "27"]
[EventDate "2009.??.??"]

1. e4 a6 2. d4 b5 3. Nc3 Bb7 4. Bd3 e6 5. d5 exd5 6. exd5 Nf6 7. Bg5 h6 8. Bxf6
Qxf6 9. Nf3 c5 10. O-O d6 11. g3 Nd7 12. Ne4 Qd8 13. Re1 Be7 14. Nxd6+ 1-0